000 00951nam a2200277 a 4500
001 000109951
003 CHAP
005 20231002133725.0
008 140613s2010 mx a |r| |||||||spa d
010 _a106413
011 _a107385
040 _cCHAP
082 0 4 _a371.144
_bE92
245 0 0 _aEvaluación docente del proceso enseñanza aprendizaje en el departamento de irrigación /
_ccoordinado por Ma. Magdalena Sánchez Astello.
260 _a[Chapingo, Méx.] :
_bUACH. Departamento de Irrigación. Coordinación de Acreditación y Mejora Continua,
_c2010.
300 _a69 p. :
_bil.
590 _aE6096MTM
_b05
_c20140613
_lUCH01
_h1117
650 1 4 _aAprendizaje
_xEvaluación
_96371
650 1 4 _aEducación agrícola
_xEvaluación.
_935518
650 1 4 _aEnseñanza.
_937085
650 1 4 _aMaestros
_xEvaluación.
_969755
700 0 _aSánchez Astello, María Magdalena
_ecoord.
_9107340
901 _aBK
942 _cLIBRO
942 _n0
999 _c106413
_d106413